000 00793nam a2200253Ia 4500
003 OSt
005 20220918214417.0
006 a|||||r|||| 00| 0
007 ta
008 220917b |||||||| |||| 00| 0 eng d
024 _a137,343
037 _cTextual
040 _aARTS
_cARTS
_beng
041 _2eng
_aeng
082 _aY:345.29B, N3
100 _aVitebsky Piers
_9131224
245 0 _aDialogues with the dead
_b The discussion of mortality among the sara of eastern India
260 _aCambridge
_bCambridge University Press
_c1993
300 _axix, 294p. plates, figures
_ccm.
490 _aCambridge studies in social and cultural anthropology; 88
650 _aSOCIOLOGY
942 _hY:345.29B, N3
_cTEXL
_2CC
999 _c260425
_d260425